000 01455nam a22003857a 4500
003 CHAP
005 20220329141514.0
008 971013s1983 mx a r 00010 spa d
010 _a69243
011 _a70215
035 _a79696
040 _cCHAP
082 0 0 _a636.20824
_bH62
100 0 0 _aHoly, Lubos.
_956030
245 1 _aBases biológicas de la reproducción bovina
260 _aMéxico :
_bDiana,
_c1983
300 _a464 p.
_b: ilus.
500 _a33-146
590 _aBATCH-UPD
_b10
_c20130110
_lUCH01
_h1606
590 _aBATCH-UPD
_b10
_c20130410
_lUCH01
_h1002
590 _aBATCH-UPD
_b10
_c20130914
_lUCH01
_h1524
590 _aCONVERSION
_b10
_c20130109
_lUCH01
_h1338
650 1 4 _aGanado vacuno
_xFecundidad.
_945466
650 1 4 _aGanado vacuno
_xReproducción.
_945510
650 1 4 _aReproducción animal.
_996028
901 _aBK
942 _cLIBRO
949 _a636.20824 H62
_bBC
_cLIBRO
_d-97128
_eLIBRO
_fc.6
_h67995
_i79696
_si
949 _a636.20824 H62
_bBC
_cLIBRO
_d33724000096061
_eLIBRO
_fc.7
_h92249
_i79696
_si
949 _a636.20824 H62
_bBC
_cLIBRO
_d33724000096079
_eLIBRO
_fc.4
_h67993
_i79696
_si
949 _a636.20824 H62
_bBC
_cLIBRO
_d33724000099115
_eLIBRO
_fc.3
_h62438
_i79696
_si
949 _a636.20824 H62
_bBC
_cLIBRO
_d33724000666889
_eLIBRO
_h62436
_i79696
_si
949 _a636.20824 H62
_bBC
_cLIBRO
_d33724000902664
_eLIBRO
_fc.5
_h67994
_i79696
_si
949 _a636.20824 H62
_bBC
_cLIBRO
_d33724002343421
_eLIBRO
_fc.2
_h62437
_i79696
_si
999 _c69243
_d69243